<?xml version="1.0" encoding="UTF-8"?>
<marc:record xmlns:marc="http://www.loc.gov/MARC21/slim">
   <marc:leader>00000nam a2200000 a 4500</marc:leader>
   <marc:datafield ind1="1" ind2=" " tag="100">
      <marc:subfield code="a">Jacq, Christian</marc:subfield>
      <marc:subfield code="4">aut</marc:subfield>
      <marc:subfield code="e">Verfasser/-in</marc:subfield>
   </marc:datafield>
   <marc:datafield ind1="1" ind2=" " tag="100">
      <marc:subfield code="a">Schmutte, Ingeborg</marc:subfield>
      <marc:subfield code="4">trl</marc:subfield>
      <marc:subfield code="e">Übersetzer/-in</marc:subfield>
   </marc:datafield>
   <marc:datafield ind1="1" ind2=" " tag="100">
      <marc:subfield code="a">Bullinger, Theresa Maria</marc:subfield>
      <marc:subfield code="4">trl</marc:subfield>
      <marc:subfield code="e">Übersetzer/-in</marc:subfield>
   </marc:datafield>
   <marc:datafield ind1=" " ind2=" " tag="653">
      <marc:subfield code="a">Antike</marc:subfield>
   </marc:datafield>
   <marc:datafield ind1=" " ind2=" " tag="653">
      <marc:subfield code="a">Deutsch.</marc:subfield>
   </marc:datafield>
   <marc:datafield ind1=" " ind2=" " tag="653">
      <marc:subfield code="a">GKA</marc:subfield>
   </marc:datafield>
   <marc:datafield ind1=" " ind2=" " tag="653">
      <marc:subfield code="a">HAK</marc:subfield>
   </marc:datafield>
   <marc:datafield ind1=" " ind2=" " tag="653">
      <marc:subfield code="a">Hieroglyphen</marc:subfield>
   </marc:datafield>
   <marc:datafield ind1=" " ind2=" " tag="653">
      <marc:subfield code="a">Kulturgeschichte</marc:subfield>
   </marc:datafield>
   <marc:datafield ind1=" " ind2=" " tag="653">
      <marc:subfield code="a">Pharaonen</marc:subfield>
   </marc:datafield>
   <marc:datafield ind1=" " ind2=" " tag="653">
      <marc:subfield code="a">Schrift</marc:subfield>
   </marc:datafield>
   <marc:datafield ind1=" " ind2=" " tag="653">
      <marc:subfield code="a">Ägypten</marc:subfield>
   </marc:datafield>
   <marc:datafield ind1=" " ind2=" " tag="653">
      <marc:subfield code="a">Ägypter</marc:subfield>
   </marc:datafield>
   <marc:datafield ind1="0" ind2="0" tag="245">
      <marc:subfield code="a">Die Welt der Hieroglyphen</marc:subfield>
   </marc:datafield>
   <marc:datafield ind1="0" ind2="0" tag="245">
      <marc:subfield code="c">Christian Jacq</marc:subfield>
   </marc:datafield>
   <marc:datafield ind1=" " ind2="1" tag="264">
      <marc:subfield code="a">Berlin</marc:subfield>
      <marc:subfield code="b">Rowohlt Berlin</marc:subfield>
      <marc:subfield code="c">1999</marc:subfield>
   </marc:datafield>
   <marc:datafield ind1="1" ind2=" " tag="520">
      <marc:subfield code="a">Annotation: Versuch einer fundierten wie lustbetonten Einführung in das Zeichensystem der Hieroglyphen samt praktischen Übungen. "Die alten Ägypter waren eine fröhliche Gesellschaft und freuten sich des Lebens. Mit diesem Buch kannst du an dieser Lebensfreude teilhaben." (S. 8) Damit möchte der Autor die noch Zweifelnden aufmuntern - für den Rezensenten war diese Aussage eher eine Klippe, eine allzu sehr verharmlosende Sicht auf eine Sklavenhaltergesellschaft. Sieht man aber davon einmal ab, so eröffnen sich im vorliegenden Band tatsächlich recht interessante Einblicke in ein faszinierendes Zeichensystem. Nach konsequentem Durcharbeiten - auch der als (freundlicher Weise als fakultativ apostrophierten und mit Lösungen versehenen) Übungen sieht man wohl bei einem Rundgang durch eine ägyptische Sammlung die Exponate mit anderen Augen. Dann kann auch die geistige Auseinandersetzung mit der durch die Hieroglyphen (aus den altgriechischen Elementen "hieros", also "heilig", und "glyphein", d. h. "gravieren") repräsentierten spirituellen Welt einsetzen. Empfehlenswert ist jedenfalls schnelles Lernen, denn - obwohl edel wirkend mit Lesebändchen ausgestattet - erlaubt die Klebebindung des Bandes keine oftmalige Benützung. Da wirkt wohl kein alter Fluch - oder?</marc:subfield>
   </marc:datafield>
   <marc:datafield ind1=" " ind2=" " tag="020">
      <marc:subfield code="a">387134365X</marc:subfield>
      <marc:subfield code="9">387134365X</marc:subfield>
   </marc:datafield>
   <marc:datafield ind1=" " ind2=" " tag="500">
      <marc:subfield code="a">A.d.Franz.</marc:subfield>
   </marc:datafield>
   <marc:datafield ind1=" " ind2=" " tag="300">
      <marc:subfield code="a">269 S. : Ill.</marc:subfield>
   </marc:datafield>
</marc:record>
